Kỹ thuật điều khiển tự động. Tập 1 /

محفوظ في:
التفاصيل البيبلوغرافية
المؤلف الرئيسي: Bùi, Quý Lực, TS
التنسيق: كتاب
اللغة:Vietnamese
منشور في: Khoa học và kỹ thuật 2011
الوسوم: إضافة وسم
لا توجد وسوم, كن أول من يضع وسما على هذه التسجيلة!
Thư viện lưu trữ: Mạng thư viện Đại học Đà Nẵng
LEADER 00656nam a2200265 4500
001 000027090
003 BU-LR
005 20150403120000.0
008 150403s vm 000 vie
020 |c 0,0000 
040 |a notts 
100 |a Bùi, Quý Lực, TS 
245 |a Kỹ thuật điều khiển tự động. Tập 1 /  |c Bùi Quý Lực. 
260 |b Khoa học và kỹ thuật  |c 2011 
OWN |a LTT 
999 |a From the UDN01 
TYP |a Monograph 
TYP |a Printed language 
980 |a Mạng thư viện Đại học Đà Nẵng